000 00617nam a2200205 4500
001 113064
003 ES-MaACL
005 20250930063113.0
007 t|
008 061121s1958 sp r ||||1| spa d
100 1 _aNúñez Alonso, Alejandro,
_d1905-1982
_986172
245 1 3 _aEl hombre de Damasco
_b: novela /
_cAlejandro Núñez Alonso.
250 _a1ª ed.
260 _aBarcelona :
_bPlaneta,
_c1958.
300 _a957 p., 1 lám = retr. aut. ;
_c21 cm +
_e1 gráf. pleg.
490 1 _aOmnibus
830 0 _aOmnibus
_9177342
852 _aES-MaACL
_jC-15486
_bR.43630
999 _c113064
_d113064